00458nam a2200157Ia 4500008004100000041000800041082002500049100002400074245008400098260003100182300001700213365001600230710002400246906001100270999001900281230312s9999 xx 000 0 und d aeng a620.106b620.106 RAJ aRajput R.K.9137180 aTextbook Of Hydraulic MachinesbFluid Mechanics And Hydraulic Machines, Part-II c2010bS. Chand And Company a1003 to 1373 cRs.b175.00 aRajput R.K.9137181 b131.25 c133033d133033